Регионална библиотека "Любен Каравелов" - Русе

Молив подострен опасно (Запис номер 203958)

MARC детайли
000 -Лидер
Контролно поле с фиксирана дължина 00871nam a2200265 c 4500
003 - Код на организацията, давaща контролен номер
Контролно поле BLK
005 - Дата и час на последна редакция
Контролно поле 20180422120631.0
008 - Елементи от данни с фиксирана дължина
fixed length control field 180411b bul|||||r ||||||| ||bul||
010 ## - Наследен системен номер
LC control number KNG00213502000
040 ## - Източник на каталожния запис
Идентификатор на билиотеката - собственик на записа BLK
041 ## - Код за език
Код за езика на текст/звукозапис или на отделно заглавие Български
Код за езика КДБФ Български
080 ## - УДК
Текстов определител УДК Българска литература
УДК код - определител по УДК 821.163.2
УДК определител -4
УДК - код + определител 821.163.2-4
100 1# - Редна дума - Автор
Автор Стефанова, Лиляна
Авторска отговорност първи автор
R(LIN) 376442
139 ## - Редно поле
Редна дума Стефанова, Лиляна
Авторски знак Сте - С 75
245 10 - Сведения за заглавието
Заглавие Молив подострен опасно
Подзаглавни данни Публицистика
Редно поле (дума) Лиляна Стефанова.
257 ## - Страна на издаване
Страна на създаване/издаване България
260 ## - Област на издателските данни
-- София
Име на издателя, разпространителя и проч. Бълг. писател
Година на издаване 1988
300 ## - Физическа характеристика
Страници 239 с.
Размери/Мащаб 21 см
380 ## - Жанр
Жанр Худож. лит.
852 ## - Местоположение
Форматна сигнатура Цб 156061
856 4# - Електронен адрес и достъп
Електронен формат pdf - файл
Път до файла /url/
856 4# - Електронен адрес и достъп
Електронен формат pdf - файл
Път до файла /url/
942 ## - АРТИКУЛИ
Вид на библиотечния материал Книги
Скрит в OPAC Не
944 ## - СЪЗДАВАНЕ И РЕДАКЦИЯ на ЗАПИСА
Създаване/Редакция Създаване
Дата на регистрацията/редакция 23.10.2017
Служител, извършил регистрацията/редакцията Нора_Радева
944 ## - СЪЗДАВАНЕ И РЕДАКЦИЯ на ЗАПИСА
Създаване/Редакция Редакция
Дата на регистрацията/редакция 23.10.2017
Служител, извършил регистрацията/редакцията Нора_Радева
999 ## - СИСТЕМНИ КОНТРОЛНИ НОМЕРА
Koha biblionumber 203958
Koha biblioitemnumber 203958
Наличности
Код за отписване Код за изгубен артикул Код за повреда Коз за рестрикции Код за отдаване Артикулен № Име на библиотеката - собственик Име на библиотеката, в която се намира в момента Статус (Текущо местоположение) Дата на вписване в системата Местоположение - отдел Цена в лева Инвентарен номер Систематично азбучна сигнатура Баркод Номер на екземпляра Цена в евро Служебна бележка Служебен тип на артикула Бележка за публиката Източник на класификационната схема
Изтеглен Не е изгубен Не е повреден без рестрикции заемане за дома 351935 Регионална библиотека "Любен Каравелов" Русе Регионална библиотека "Любен Каравелов" Русе   1988-01-01 Заемна - подръчен фонд 1.86 512050 П 886.7-4/С 75 512050 1 0.95 Вид: Сф Дата: 01.01.1988 Книги Отч.N: 6/2018 , Дата: 22.01.2018  
Изтеглен Не е изгубен Не е повреден без рестрикции заемане за дома 351936 Регионална библиотека "Любен Каравелов" Русе Регионална библиотека "Любен Каравелов" Русе Заемна - подръчен фонд 1988-01-01 Заемна - подръчен фонд 1.86 512047 П 886.7-4/С 75 512047 2 0.95 Вид: Сф Дата: 01.01.1988 Книги   Universal Decimal Classification
  Не е изгубен Не е повреден без рестрикции ползва се в читалня 351937 Регионална библиотека "Любен Каравелов" Русе Регионална библиотека "Любен Каравелов" Русе Хранилище 1988-01-01 Хранилище 1.86 511018 Цб 156061 120000511018 3 0.95 Вид: Сф Дата: 01.01.1988 Книги   Universal Decimal Classification
Vip Innovations Ltd, Rousse, Bulgaria 2025